[Event "GRE-chT 51st"]
[Site "Trikala"]
[Date "2024.07.04"]
[Round "1.3"]
[White "Iakovakis, Lampros"]
[Black "Vlachos, Anatole"]
[Result "0-1"]
[WhiteElo "1462"]
[BlackElo "2472"]
[PlyCount "64"]
[EventDate "2024.07.04"]
[EventType "team-swiss"]
[EventRounds "7"]
[EventCountry "GRE"]
[SourceTitle "CBM 221 Extra"]
[Source "ChessBase"]
[SourceDate "2024.09.30"]
[SourceVersion "1"]
[SourceVersionDate "2024.09.30"]
[SourceQuality "1"]
[WhiteTeam "Ames Neas Erythreas"]
[BlackTeam "Irakleiou"]
[WhiteTeamCountry "GRE"]
[BlackTeamCountry "GRE"]

1. d4 d5 2. c4 e6 3. Nf3 Nf6 4. Nc3 Be7 5. Bf4 0-0 6. e3 c5 7. Be2 Nc6 8. 0-0 Ne4 9. Nxe4 dxe4 10. Nd2 cxd4 11. Nxe4 e5 12. Bg3 f5 13. exd4 exd4 14. Nd2 f4 15. Nb3 fxg3 16. fxg3 Rxf1+ 17. Qxf1 Bf6 18. Rd1 Be6 19. Nc5 Bf7 20. Bf3 Qe7 21. Nxb7 Qxb7 22. b4 Qxb4 23. Bxc6 Rd8 24. Bb5 d3 25. Qf4 a6 26. a4 axb5 27. cxb5 Qxf4 28. gxf4 Bb3 29. Rb1 d2 30. b6 Bd4+ 31. Kh1 Re8 32. h3 Re1+ 0-1